The Five Temptations Of A CEO: (Record no. 2519)

MARC details
000 -LEADER
fixed length control field 00859nac a22002411u 4500
010 ## - LIBRARY OF CONGRESS CONTROL NUMBER
LC control number 010657753
020 ## - INTERNATIONAL STANDARD BOOK NUMBER
International Standard Book Number 0091819601
028 ## - PUBLISHER NUMBER
Source www.lib.uk.
082 ## - DEWEY DECIMAL CLASSIFICATION NUMBER
Classification number 658.4092
Item number L545
090 ## - LOCALLY ASSIGNED LC-TYPE CALL NUMBER (OCLC); LOCAL CALL NUMBER (OCLC)
-- 2519
-- 2519
100 ## - MAIN ENTRY--PERSONAL NAME
Personal name Lencoini, Patrick.
245 ## - TITLE STATEMENT
Title The Five Temptations Of A CEO:
Remainder of title A Leadership Fable.
Statement of responsibility, etc Patrick Lencoini.
260 ## - PUBLICATION, DISTRIBUTION, ETC. (IMPRINT)
Place of publication, distribution, etc London:
Name of publisher, distributor, etc Vermilion
Date of publication, distribution, etc C.1998.
300 ## - PHYSICAL DESCRIPTION
Extent ix,134p. ;
Other physical details 20cm.
500 ## - GENERAL NOTE
General note Originally published: San Francisco : Jossey-Bass, 1998
500 ## - GENERAL NOTE
General note Shuaa.
600 ## - SUBJECT ADDED ENTRY--PERSONAL NAME
Personal name Patrick Lencoini.
650 ## - SUBJECT ADDED ENTRY--TOPICAL TERM
Topical term or geographic name as entry element Leadership-Fiction.
650 ## - SUBJECT ADDED ENTRY--TOPICAL TERM
Topical term or geographic name as entry element Executive ability- Fiction.
700 ## - ADDED ENTRY--PERSONAL NAME
Personal name Patrick Lencoini.
942 ## - ADDED ENTRY ELEMENTS (KOHA)
Item type Book - Borrowing
Call number prefix 658.4092L545
Holdings
Withdrawn status Item status Materials specified (bound volume or other part) Damaged status Not for loan Home library Current library Shelving location Date acquired Source of acquisition Total Checkouts Total Renewals Full call number Barcode Date last seen Date last borrowed Koha item type
    Lost In Inventory_18-8-2021     Central Library Central Library First floor 22/02/2007 Purchase 8 3 658.4092 LEN 000001642 15/07/2025 11/08/2015 Book - Borrowing